[Event "ICS rated blitz match"]
[Site "207.99.83.227"]
[Date "1999.04.02"]
[Round "?"]
[White "Chemim"]
[Black "Hossa"]
[Result "0-1"]
[WhiteElo "2193"]
[BlackElo "2390"]
[Annotator "Fritz 5.32 (15s)"]
[PlyCount "112"]

1. d4 Nf6 2. c4 g6 3. Nc3 Bg7 4. e4 d6 5. f4 O-O 6. Nf3 c5 7. dxc5 dxc5 8. Qxd8
Rxd8 9. e5 9... Nh5 $146 (9... Ne8 10. Be3 b6 11. Be2 Nc6 12. Kf2 (12. O-O Bf5
13. Rad1 f6 14. exf6 Nxf6 15. h3 h5 16. Nh4 Bc2 17. Rc1 Bd3 18. Rfd1 Bxe2 19.
Nxe2 Kf7 20. f5 gxf5 21. Nxf5 Rxd1+ 22. Rxd1 Rd8 23. Rxd8 Nxd8 24. b3 Nc6 25.
Nfg3 e5 26. Bg5 26... Kg6 {Baerwinkel,T-Breitfeld,M/Schoeneck 1996/0-1 (53)})
12... Bb7 13. Rab1 Nd4 14. Rhd1 Nc2 15. Bd3 Nxe3 16. Kxe3 f6 17. Be4 Bxe4 18.
Kxe4 Kf7 19. a3 Nc7 20. Nb5 Ne6 21. Rxd8 Rxd8 22. Nxa7 f5+ 23. Ke3 Bh6 24. g3
g5 25. fxg5 Nxg5 26. Re1 Nxf3+ 27. Kxf3 Rd3+ 28. Kf2 Rb3 29. Re2 Bc1 30. a4
30... Bxb2 {- Priehoda Vitezslav-Balogh Tomas/Ch Slovakia, Topolcianky
(Slovakia) (5) 1994 (30)}) (9... Ng4 10. h3 Nh6 11. g4 (11. Be3 b6 12. Nd5 Nc6
13. O-O-O Kf8 14. g4 f6 15. Bg2 Rb8 16. exf6 exf6 17. f5 Ng8 18. fxg6 hxg6 19.
Nh4 Ne5 20. Bf4 Bh6 21. Bxh6+ Nxh6 22. Nxf6 Rxd1+ 23. Rxd1 Nxc4 24. Nd7+ Bxd7
25. Rxd7 25... Ne5 {Ibragimov,B-Theerapappisit,W/Moscow olm 1994/ - (57)})
11... Nc6 12. Be3 Nb4 13. Rc1 b6 14. a3 Bb7 15. Kf2 Nd3+ 16. Bxd3 Rxd3 17. Rhd1
Rad8 18. Nd5 Rxd1 19. Rxd1 Bxd5 20. Rxd5 Rxd5 21. cxd5 f5 22. g5 Nf7 23. b4
cxb4 24. axb4 {Mellado,J-Escobar,D/ch-ESP, Torrevieja 1997/1-0 (45)}) 10. Be3
Na6 11. a3 {Verwehrt dem Gegner b4} (11. Nd5 11... Bf8 $11) 11... Bg4 12. Be2
Bh6 13. g3 13... Bg7 $14 (13... Ng7 $5 $11) 14. Ne4 Rd7 15. Rd1 $11 (15. Nf2
Bxf3 16. Bxf3 16... Bh8 $14) 15... Rxd1+ 16. Kxd1 b6 17. Kc1 Bh6 18. Rd1 Nc7
19. Nc3 (19. Nf2 19... Be6 $14) 19... Be6 (19... Kf8 20. b3 $14) 20. Nd5 $11 (
20. Ng5 20... Ng7 $14) 20... Bxd5 $16 (20... Nxd5 $5 $142 {steht zur Diskussion
} 21. cxd5 21... Bg4 $14) 21. cxd5 Ng7 22. g4 $14 (22. d6 22... Nce6 $16) 22...
Rd8 23. g5 $11 {Weiss erobert Raum} (23. d6 $5 23... exd6 24. exd6 $14) 23...
Nf5 {Nicht von der Hand zu weisen} 24. Bf2 Bg7 25. Bc4 a5 26. a4 (26. Nh4 26...
Nd4 $14) 26... Rc8 $14 (26... h6 $5 $11 {ist zu erwaegen}) 27. b3 $11 (27. Nh4
Nxh4 28. Bxh4 28... Kf8 $16) 27... Rd8 28. Kc2 $11 (28. Nh4 Nxh4 29. Bxh4 29...
Ne8 $14) 28... Bh8 $14 (28... h6 29. Nh4 hxg5 30. Nxf5 gxf5 31. d6 exd6 32.
Rxd6 $14) 29. h4 $11 (29. Nh4 Nxh4 30. Bxh4 30... Ne8 $14) 29... Bg7 30. Ne1
Bh8 31. Ng2 Rd7 32. Ne3 Nd4+ 33. Kc3 Bg7 34. Ng4 $11 (34. Kd3 34... h6 $14)
34... Nc6 35. Nh2 $17 (35. Kb2 $5 $11 $142 {
damit waere Weiss im Spiel geblieben}) 35... Nb4 $15 (35... Nxe5 36. Kc2 Nxc4
37. bxc4 $17) 36. Ng4 36... Ncxd5+ $15 (36... Nbxd5+ 37. Kb2 $17) 37. Bxd5 $17
(37. Kb2 $5 $15 {kam sehr in Betracht}) 37... Rxd5 38. Rxd5 Nxd5+ 39. Kc4 Nxf4
40. Kb5 (40. Be3 Ng2 41. Bf2 f6 42. exf6 exf6 43. Nxf6+ Bxf6 44. gxf6 44... Nf4
$14) 40... Nd5 41. Ne3 $19 (41. Kc6 $5 41... e6 42. Kd6 $17) 41... Nxe3 42.
Bxe3 Bxe5 43. Kxb6 (43. Bc1 43... Bd4 $19) 43... Bd4 44. Bd2 (44. Kxa5 Bxe3 45.
Kb5 45... f6 $19) 44... c4+ 45. Kxa5 cxb3 46. Bc1 46... b2 {Droht Matt} 47.
Bxb2 Bxb2 48. Kb4 Bd4 49. a5 Bf2 50. a6 h5 (50... Kf8 $5 {
damit wuerde Schwarz es sich noch erleichtern} 51. Kc3 $19) 51. Kb5 (51. gxh6 {
aendert nichts mehr} 51... Kh7 $19 (51... Bxh4 {
Nach wie vor ist das Nehmen des Bauern fuer Schwarz nicht moeglich} 52. a7 $18)
) 51... f6 (51... Bxh4 $2 {ist nicht spielbar} 52. a7 $18) 52. gxf6 exf6 (52...
Bxh4 $4 {Schwarz schlaegt einen vergifteten Bauern} 53. fxe7 Bxe7 54. a7 $18)
53. Kc4 g5 (53... Bxh4 $2 {ist ein Schlag ins Wasser} 54. a7 $18) 54. hxg5 (54.
Kd3 $19 {ist der letzte Strohhalm}) 54... fxg5 {Mit der Drohung h4} 55. Kd3 g4
56. Ke2 Bb6 (56... Bb6 57. Kf1 57... h4 $19) 0-1

[Event "ICS rated blitz match"]
[Site "207.99.83.227"]
[Date "1999.04.02"]
[Round "?"]
[White "Hossa"]
[Black "Chemim"]
[Result "1-0"]
[WhiteElo "2412"]
[BlackElo "2187"]
[Annotator "Fritz 5.32 (15s)"]
[PlyCount "97"]

1. e4 e6 2. d4 d5 3. Nd2 dxe4 4. Nxe4 Bd7 5. Nf3 Bc6 6. Bd3 Nd7 7. O-O Be7 8.
Nc3 (8. c4 Ngf6 9. Ng3 O-O 10. Ne5 Nxe5 11. dxe5 Nd7 12. Qc2 Nxe5 13. Bxh7+ Kh8
14. Rd1 Qe8 15. Be4 f5 16. Bxc6 Qxc6 17. b3 Ng6 18. Bb2 Nf4 19. f3 Rad8 20. Rd2
Bb4 21. Rxd8 Rxd8 22. Rd1 22... Qc5+ {
Timoshenko,G-Anastasian,A/URS-YM Tbilisi 1989/ - (69)}) (8. Ne5 Nxe5 9. dxe5
Qd4 10. Qg4 Qxe5 11. Bf4 h5 12. Bxe5 hxg4 13. Bxc7 Nf6 14. Rfe1 Nd5 15. Ba5 Bb4
16. Bxb4 Nxb4 17. Rad1 Rd8 18. Nc5 Rd5 19. a3 Nxd3 20. Nxd3 Rdh5 21. Ne5 Rxh2
22. f3 gxf3 23. gxf3 Rxc2 24. Nxc6 24... Rxc6 {
0-1 Resika,N-Dudas,J/Budapest HUN 1998 (24)}) 8... Ngf6 9. Ne5 $146 (9. Re1
9... O-O $11) 9... Nxe5 10. dxe5 Nd5 11. Qg4 11... Qd7 $16 (11... Nxc3 12. bxc3
Bf8 13. Rd1 $11) 12. Qxg7 O-O-O 13. Bxh7 $11 {
Dieser Freibauer bestimmt das Geschehen} (13. Nxd5 $5 {muss beachtet werden}
13... Rhg8 14. Qxf7 (14. Nxe7+ $143 14... Qxe7 15. Qxg8 15... Rxg8 $17) 14...
Qxd5 15. f3 Bc5+ 16. Kh1 $14) 13... Nxc3 14. bxc3 {Deckt b4} 14... Qd5 (14...
Bc5 15. Be3 Bxe3 16. fxe3 $17) 15. c4 Qxc4 16. Be3 (16. Qxf7 $2 {uebersieht}
16... Qd5 17. Qg6 17... Rxh7 $19) 16... Rdf8 {Droht Be4} 17. Rfd1 (17. Bxa7 $2
{ist nicht korrekt} 17... Qh4 $19) 17... Qh4 18. Bh6 Rxh7 19. Qxh7 Bg5 20. Rd3
Qxh6 21. Qxh6 {Droht Matt: Qxf8} 21... Bxh6 22. h4 22... Bf4 $15 (22... Be4 23.
Ra3 $17) 23. Re1 Rd8 24. Rxd8+ Kxd8 25. g3 Bh6 26. a3 (26. f4 26... Bf3 $15)
26... Bf8 27. Re3 Ke7 28. g4 28... Bg7 $11 (28... f6 $5 $15) 29. g5 Bd5 30. h5
c5 (30... Bh8 31. f4 $11) 31. h6 Bh8 32. Kh2 (32. f4 32... Kf8 $11) 32... Kf8
33. f4 c4 (33... Kg8 34. a4 $11) 34. a4 Kg8 (34... a5 35. Rc3 $11) 35. a5 Kh7
36. Rc3 Kg6 37. Kg3 Kf5 38. Ra3 38... a6 $16 (38... Ke4 39. Kg4 $14) 39. Ra4
Kg6 40. Kg4 Kh7 41. Rb4 Kg6 42. c3 Kh7 43. Kh5 {Aktiver Koenig im Endspiel}
43... Bf3+ 44. Kh4 {Weiss entwickelt eine toedliche Initiative} 44... Bd5 45.
Kg3 Kg6 46. Rb6 46... Kf5 $2 $18 (46... Bc6 $14 $142 {und Schwarz spielt mit})
47. Rd6 Kg6 (47... Be4 48. Rd8 Bxe5 49. fxe5 Kxg5 50. Rd4 $18) 48. Rd8 Kh7 49.
Rf8 (49. Rf8 Bc6 50. Rxf7+ Kg6 51. Rf8 $18) 1-0

[Event "ICS rated blitz match"]
[Site "207.99.83.227"]
[Date "1999.04.02"]
[Round "?"]
[White "zhora"]
[Black "Hossa"]
[Result "0-1"]
[WhiteElo "2051"]
[BlackElo "2419"]
[Annotator "Fritz 5.32 (15s)"]
[PlyCount "72"]

1. Nf3 d5 2. g3 e6 3. Bg2 3... Bb4 $146 (3... Nf6 4. O-O Be7 5. d3 O-O (5...
Nbd7 6. Nbd2 c6 7. c4 O-O 8. b3 a5 9. a3 b5 10. Qc2 Bb7 11. Bb2 Qb6 12. Bd4 c5
13. Bb2 b4 14. a4 d4 15. Rae1 Bd6 16. e4 Bc7 17. Re2 Bc6 18. Ne1 Rad8 19. Bc1
Qb8 20. f4 {Filgueira,H-Benk,F/Clarin GP, Villa Martelli ARG 1997/0-1 (48)}) 6.
Nbd2 b6 7. e4 dxe4 8. dxe4 Bb7 9. e5 Ne8 10. Qe2 c5 11. Re1 Nc6 12. c3 Qc7 13.
h4 Rd8 14. Nf1 Qc8 15. Bf4 Ba6 16. Qe3 Nc7 17. Ng5 Bxg5 18. Bxg5 {
Kyhle,B-Greiff,H/Vaxjo ch-Sweden/op 1992/ - (44)}) (3... c5 4. c4 Nc6 5. b3 d4
6. d3 Nf6 7. O-O Be7 8. Bb2 O-O 9. Re1 e5 10. e3 Bg4 11. exd4 exd4 12. Nbd2 Qc7
13. a3 a5 14. Qc2 Rfe8 15. Ne4 Bxf3 16. Bxf3 Ne5 17. Bg2 Ned7 18. f4 {
Kuehn,T-Grosse,K/Bad Zwesten GER 1999/1-0 (33)}) (3... f5 4. d3 (4. O-O Nf6 5.
d3 Nc6 6. c4 dxc4 7. dxc4 Qxd1 8. Rxd1 e5 9. Nc3 e4 10. Ng5 h6 11. Nh3 g5 12.
Nb5 Rh7 13. b3 a6 14. Bb2 axb5 15. cxb5 Nb4 16. Bxf6 Be6 17. Rd2 Rd7 18. Rxd7
18... Kxd7 {Kharitonov,A-Moskalenko,V/Moscow ZSKS 1992/ - (28)}) 4... Nf6 5.
Nbd2 Be7 6. c4 d4 7. Ne5 O-O 8. Ndf3 Ng4 9. Nxg4 fxg4 10. Nd2 Nc6 11. Ne4 a5
12. Bd2 Bd7 13. O-O Ne5 14. a3 c5 15. Rb1 a4 16. b4 axb3 17. Qxb3 Bc6 18. Ra1 {
Gillen,P-MacReamonn,B/It open 0/1-0 (29)}) 4. O-O Nf6 5. d3 {Kontrolliert e4}
5... O-O 6. Bg5 Nc6 7. c3 {Ueberdeckt d4} 7... Be7 8. Nbd2 Ng4 (8... e5 9. e4
$11) 9. Bxe7 Qxe7 10. h3 10... Nge5 $14 (10... Nf6 11. d4 $11) 11. Nxe5 Nxe5
12. Nf3 $11 (12. d4 12... Ng6 $14) 12... Nxf3+ 13. Bxf3 c6 14. Bg2 e5 15. e4 (
15. e3 15... Bf5 $11) 15... dxe4 16. dxe4 Qg5 (16... Rd8 17. Qh5 $11) 17. Qe2 (
17. Qd6 Rd8 18. Qc7 18... Rd7 $11) 17... Be6 18. Rfd1 f5 (18... Rad8 19. b4 $11
) 19. exf5 Qxf5 20. Rd6 (20. a3 Bb3 21. Rd2 21... Rae8 $14) 20... Bxa2 21. Rxa2
$17 (21. Be4 $5 {sieht spielbar aus} 21... Qf7 22. Bg2 $15) 21... Qb1+ 22. Kh2
$19 (22. Bf1 $5 22... Qxa2 23. Rd7 $17) 22... Qxa2 23. Qxe5 (23. c4 23... Rf7
$19) 23... Rae8 (23... Rxf2 $5 $142 {ginge schneller} 24. Rd7 Rf7 25. Rxf7 Qxf7
26. b4 $19) 24. Qd4 Qxb2 25. Rd7 {Es droht Matt} 25... Rf6 26. f4 (26. Qg4 Rg6
27. Qf4 Rf8 28. Qc4+ 28... Kh8 $19) 26... a5 27. g4 (27. Rc7 27... Ref8 $19)
27... Qb3 28. g5 (28. Rxg7+ Kxg7 29. g5 29... Qe6 $19) 28... Rf7 29. Bf1 29...
Rxd7 {Mit der Mattdrohung Rxd4} 30. Bc4+ (30. Qxd7 {nuetzt auch nichts mehr}
30... Rf8 31. Qd4 31... b5 $19) 30... Kh8 {Droht Matt: Qb2} 31. Qxd7 (31. Bxb3
$4 {Weiss ist zu gefraessig} 31... Rxd4 32. cxd4 32... Re4 $19) 31... Qb2+ (
31... Qxc4 $6 {ist deutlich schlechter} 32. Qxe8+ Qg8 33. Qe7 $17) 32. Kg1 Rf8
33. Qd4 (33. Qe7 {aendert nichts mehr} 33... Qc1+ 34. Bf1 34... Qxf4 $19) 33...
Qc1+ 34. Kg2 Qxf4 35. Qc5 (35. g6 $19 {haette noch versucht werden koennen})
35... Rf5 (35... Qf3+ {und Schwarz haette es noch leichter} 36. Kh2 Rd8 37. Qd4
Rxd4 38. cxd4 $19) 36. Qf8+ Rxf8 (36... Rxf8 37. Bd5 Qxg5+ 38. Kh1 Rf1+ 39. Kh2
Qg1#) 0-1

[Event "ICS rated blitz match"]
[Site "207.99.83.227"]
[Date "1999.04.02"]
[Round "?"]
[White "Hossa"]
[Black "zhora"]
[Result "1-0"]
[WhiteElo "2422"]
[BlackElo "2048"]
[Annotator "Fritz 5.32 (15s)"]
[PlyCount "95"]

1. e4 d6 2. d4 g6 3. Nf3 Bg7 4. Bc4 e6 5. O-O Ne7 6. Bf4 $146 (6. Nc3 6... O-O
$11) 6... O-O (6... c5 7. c3 $11) 7. e5 {Raumgewinn} 7... d5 8. Bd3 Nd7 9. Bg5
h6 10. Bxe7 Qxe7 11. Nbd2 11... c5 {Spiel gegen die Bauernkette} 12. c3 12...
a6 {Befestigt b5} 13. Qe2 b5 14. dxc5 Nxc5 15. Rad1 Bb7 16. Nb3 16... Ne4 $14 (
16... Nxd3 17. Rxd3 a5 18. Qe3 $11) 17. Na5 Nc5 18. Nd4 {
Der Springer ist wirkungsvoll plaziert} 18... Nxd3 19. Rxd3 Rac8 20. Nxb7 Qxb7
21. a3 Qc7 22. f4 Qc5 23. Rg3 23... a5 $14 (23... Rc7 24. Rd1 $11) 24. Qxb5
Qxb5 25. Nxb5 a4 26. Nd6 $11 (26. Nd4 Rb8 27. Rf2 27... Rb6 $14) 26... Rb8 27.
Rf2 27... Kh7 $16 (27... Rfd8 28. Rd3 $11) 28. Rd3 $14 (28. c4 f6 29. cxd5
29... exd5 $14) 28... Rb3 $18 (28... f6 $5 $142 {
ist nicht von der Hand zu weisen} 29. Re2 fxe5 30. fxe5 30... Rfd8 $14) 29. Rd4
Rfb8 30. Rxa4 Rxb2 31. Rxb2 Rxb2 32. Nxf7 Rc2 (32... g5 33. fxg5 h5 34. Nd8 $18
) 33. g3 (33. Nd8 $5 {waere im Gewinnsinne praeziser} 33... Rxc3 34. Ra7 Kg8
35. Nxe6 35... Bh8 $18) 33... Rxc3 34. Nd8 g5 (34... Bf8 35. Nxe6 Bxa3 36. Ra7+
Kh8 37. Rg7 $18) 35. Nxe6 gxf4 (35... Bh8 $18) 36. Ra7 (36. gxf4 $6 36... Kg6
$18) 36... fxg3 (36... Kg6 37. Nxg7 fxg3 38. e6 Rc1+ 39. Kg2 gxh2 40. Kxh2 Rc2+
41. Kg3 Rc3+ 42. Kf2 Rc2+ 43. Kf1 $18) 37. Rxg7+ ({Jedoch nicht} 37. Nxg7 37...
Rc1+ 38. Kg2 gxh2 39. Kxh2 39... Ra1 $18) 37... Kh8 38. Rxg3 Rc1+ 39. Kg2 (39.
Kf2 {gibt noch groesseren Vorteil} 39... h5 $18) 39... Re1 (39... Rc2+ {
waere gleichermassen fruchtlos} 40. Kf1 $18) 40. Nf4 d4 41. Rd3 Re4 (41... Kg7
{aendert nichts am Ausgang der Partie} 42. e6 $18) 42. Kf3 {
Mit der Mattdrohung Kxe4} 42... Re1 43. Rxd4 Kg7 44. Rd7+ Kf8 45. e6 Ke8 46.
Ra7 (46. Rh7 {gibt noch groesseren Vorteil} 46... Kd8 $18) 46... Rf1+ (46...
Kd8 {hilft allerdings auch nicht} 47. a4 $18) 47. Ke4 Ra1 (47... Kd8 $18 {
ist vielleicht noch ein Schwindelversuch}) 48. Nd5 (48. Nd5 Re1+ 49. Kf5 Kf8
50. Kf6 Rf1+ 51. Kg6 Rg1+ 52. Kxh6 Rg6+ 53. Kxg6 Ke8 54. Ra8#) 1-0

[Event "ICS rated blitz match"]
[Site "207.99.83.227"]
[Date "1999.04.02"]
[Round "?"]
[White "ferman"]
[Black "Hossa"]
[Result "0-1"]
[WhiteElo "2062"]
[BlackElo "2425"]
[PlyCount "66"]

1. d4 Nf6 2. c4 g6 3. Nc3 Bg7 4. e4 d6 5. f3 O-O 6. Bg5 Nc6 7. Nge2 e5 8. dxe5
Nxe5 9. Nc1 Re8 10. Be2 Be6 11. Nd5 Bxd5 12. cxd5 c6 13. dxc6 Nxc6 14. Qd2 d5
15. Bxf6 Qxf6 16. exd5 Rad8 17. O-O Qxb2 18. Qxb2 Bxb2 19. Rb1 Bxc1 20. Rbxc1
Rxe2 21. dxc6 Rdd2 22. Rfe1 Rxg2+ 23. Kh1 Rxh2+ 24. Kg1 Rdg2+ 25. Kf1 Rxa2 26.
Kg1 bxc6 27. Rxc6 Rhg2+ 28. Kh1 Rgf2 29. Rc7 Rxf3 30. Kg1 h6 31. Ree7 a5 32.
Ra7 a4 33. Re4 33... Rd3 {ferman resigns} 0-1

[Event "ICS rated blitz match"]
[Site "207.99.83.227"]
[Date "1999.04.02"]
[Round "?"]
[White "Hossa"]
[Black "Tawantinsuyo"]
[Result "1-0"]
[WhiteElo "2429"]
[BlackElo "2257"]
[PlyCount "21"]

1. e4 e6 2. Nf3 b6 3. Be2 Bb7 4. d3 c5 5. O-O Nc6 6. Bf4 d6 7. d4 c4 8. Bxc4
Nf6 9. d5 Be7 10. Bb5 O-O 11. dxc6 {Tawantinsuyo resigns} 1-0

[Event "ICS rated blitz match"]
[Site "207.99.83.227"]
[Date "1999.04.02"]
[Round "?"]
[White "Tawantinsuyo"]
[Black "Hossa"]
[Result "0-1"]
[WhiteElo "2248"]
[BlackElo "2438"]
[PlyCount "40"]

1. e4 e5 2. d4 exd4 3. Nf3 Bb4+ 4. Bd2 Bc5 5. b4 Bb6 6. a4 a6 7. Bc4 Ne7 8. O-O
O-O 9. Bg5 Nbc6 10. Qd2 d6 11. Na3 Bg4 12. Nh4 a5 13. b5 Ne5 14. Bd5 h6 15.
Bxe7 Qxe7 16. h3 Qxh4 17. hxg4 Nxg4 18. Qf4 d3 19. cxd3 g5 20. g3 20... Qh2# {
Tawantinsuyo checkmated} 0-1

[Event "ICS rated blitz match"]
[Site "207.99.83.227"]
[Date "1999.04.02"]
[Round "?"]
[White "Hossa"]
[Black "brutus"]
[Result "1/2-1/2"]
[WhiteElo "2446"]
[BlackElo "2147"]
[PlyCount "185"]

1. e4 e6 2. Nf3 d5 3. exd5 exd5 4. d4 Bd6 5. Bb5+ c6 6. Bd3 Bg4 7. O-O Ne7 8.
Nbd2 Nd7 9. Re1 Nf6 10. Nf1 O-O 11. Bg5 Ng6 12. Ne3 Be6 13. Bxg6 hxg6 14. Qe2
Qc7 15. Bxf6 gxf6 16. Nf1 Kg7 17. N3d2 Rh8 18. Ng3 Rae8 19. Rac1 Bf4 20. c3 Rh7
21. Rcd1 Reh8 22. Ndf1 Re8 23. Qf3 Rhh8 24. Ne3 Bxg3 25. fxg3 Bd7 26. Rd2 Re4
27. Rf2 Qd6 28. Ref1 Rhe8 29. Qxf6+ Qxf6 30. Rxf6 R8e7 31. Nd1 Bf5 32. Rd6 Re2
33. h4 Bc2 34. Nf2 Be4 35. Nxe4 dxe4 36. Rb1 e3 37. a4 Rc2 38. a5 e2 39. Re1 a6
40. Kf2 Rxb2 41. Rd8 Rb3 42. Rxe2 Rxe2+ 43. Kxe2 Rxc3 44. Kf2 Rc4 45. Rd7 Rb4
46. Ke3 Rb5 47. Ke4 Rxa5 48. Rxb7 Ra2 49. Rb6 Rxg2 50. Kf3 Rd2 51. Rxa6 Rxd4
52. Rxc6 Rd3+ 53. Kf4 Rd1 54. Rc7 Rf1+ 55. Ke3 Re1+ 56. Kf2 Re6 57. Rd7 Rf6+
58. Kg2 Rf5 59. Re7 Rf6 60. Rc7 Rf5 61. Rb7 Rf6 62. Ra7 Rf5 63. Rc7 Rf6 64. Rb7
Rf5 65. Ra7 Rf6 66. Re7 Rf5 67. g4 Rf6 68. Kh2 Rf4 69. Kg3 Rf1 70. Rd7 Rf6 71.
h5 gxh5 72. gxh5 Rf1 73. Rd6 Rh1 74. Kg4 Rg1+ 75. Kf4 Rf1+ 76. Ke3 Re1+ 77. Kd2
Rh1 78. Rd5 Kh6 79. Rf5 Rxh5 80. Rxf7 Rd5+ 81. Ke2 Kg6 82. Rf4 Ra5 83. Rg4+ Kf6
84. Rh4 Kg6 85. Rh3 Kg5 86. Rh1 Kg6 87. Rg1+ Kf5 88. Rh1 Kg4 89. Rg1+ Kf4 90.
Rh1 Kg4 91. Rg1+ Kf4 92. Rh1 Kg4 93. Rg1+ {Game drawn by repetition} 1/2-1/2

[Event "ICS rated blitz match"]
[Site "207.99.83.227"]
[Date "1999.04.02"]
[Round "?"]
[White "brutus"]
[Black "Hossa"]
[Result "0-1"]
[WhiteElo "2158"]
[BlackElo "2435"]
[PlyCount "66"]

1. e4 d6 2. d4 Nf6 3. Nc3 g6 4. Bd3 e5 5. dxe5 dxe5 6. Bg5 Bb4 7. Nf3 Bxc3+ 8.
bxc3 Qe7 9. O-O O-O 10. Nd2 Nbd7 11. f4 Qc5+ 12. Kh1 Qxc3 13. f5 Qb4 14. Rb1
Qd4 15. Nf3 Qd6 16. Qe1 gxf5 17. exf5 Re8 18. Bc4 e4 19. Nd2 e3 20. Nf3 Nb6 21.
Qh4 Nfd5 22. f6 Nxc4 23. Qxc4 c6 24. Qh4 b6 25. Qh6 Qf8 26. Qh5 Bf5 27. Bh6 Bg6
28. Qg5 Qc5 29. Nh4 Qxc2 30. Nxg6 Qxg6 31. Qh4 Re4 32. Qh3 e2 33. Rf3 33...
e1=Q+ {brutus resigns} 0-1

[Event "ICS rated blitz match"]
[Site "207.99.83.227"]
[Date "1999.04.02"]
[Round "?"]
[White "Hossa"]
[Black "brutus"]
[Result "1-0"]
[WhiteElo "2440"]
[BlackElo "2153"]
[PlyCount "86"]

1. e4 e6 2. Nf3 d5 3. exd5 exd5 4. d4 Bg4 5. Be2 Bd6 6. O-O Nf6 7. Bg5 Nbd7 8.
Nc3 c6 9. Ne5 Be6 10. f4 Bf5 11. g4 Be4 12. Nxd7 Qxd7 13. Bxf6 gxf6 14. Bf3
Bxf3 15. Qxf3 O-O-O 16. Kh1 h5 17. Rg1 hxg4 18. Rxg4 Rde8 19. Rag1 Qf5 20. Qf2
Bb4 21. Rg7 Bxc3 22. bxc3 Re7 23. R1g2 Kc7 24. a4 Rhe8 25. R2g3 Re1+ 26. Rg1
Qe4+ 27. R7g2 Re3 28. Rb1 Rxc3 29. a5 Re3 30. Qf1 Re1 31. Rxe1 Qxe1 32. Qxe1
Rxe1+ 33. Rg1 Rxg1+ 34. Kxg1 b6 35. a6 Kd6 36. h4 Ke6 37. Kh1 Kf5 38. h5 c5 39.
dxc5 bxc5 40. Kg2 d4 41. Kf3 c4 42. Ke2 d3+ 43. cxd3 43... cxd3+ {
brutus resigns} 1-0

[Event "ICS rated blitz match"]
[Site "207.99.83.227"]
[Date "1999.04.02"]
[Round "?"]
[White "brutus"]
[Black "Hossa"]
[Result "0-1"]
[WhiteElo "2148"]
[BlackElo "2445"]
[PlyCount "24"]

1. e4 c5 2. Nf3 Nc6 3. d4 cxd4 4. Nxd4 Qb6 5. Nb3 Nf6 6. Be3 Qb4+ 7. c3 Qxe4 8.
N1d2 Qg4 9. Be2 Qxg2 10. Bf3 Qg6 11. Qe2 Ne5 12. O-O-O 12... Nd3+ {
brutus resigns} 0-1

[Event "ICS rated blitz match"]
[Site "207.99.83.227"]
[Date "1999.04.02"]
[Round "?"]
[White "Hossa"]
[Black "brutus"]
[Result "1-0"]
[WhiteElo "2450"]
[BlackElo "2143"]
[PlyCount "44"]

1. e4 e6 2. d4 d5 3. e5 Nd7 4. Nf3 c5 5. Be2 Ne7 6. dxc5 Nxc5 7. O-O Nc6 8. c4
dxc4 9. Qxd8+ Nxd8 10. Bxc4 Be7 11. Nc3 a6 12. Be3 b5 13. Bxc5 Bxc5 14. Bd3 Bb7
15. Ne4 Bxe4 16. Bxe4 Rb8 17. Rac1 Bb6 18. Rfd1 Nb7 19. Bc6+ Kf8 20. Bxb7 Ke7
21. Bxa6 b4 22. Rc6 22... Rhd8 {brutus resigns} 1-0

[Event "ICS rated blitz match"]
[Site "207.99.83.227"]
[Date "1999.04.02"]
[Round "?"]
[White "Hossa"]
[Black "toothfairy"]
[Result "0-1"]
[WhiteElo "2455"]
[BlackElo "2079"]
[Annotator "Crafty v16.6"]
[PlyCount "140"]

{annotating for player Hossa using a scoring margin of +0.10 pawns. search
time limit is 12.00} 1. e4 1... e5 2. Nf3 d6 3. d4 Nd7 4. Bd3 c6 5. O-O ({
9:+0.73} 5. O-O 5... exd4 6. Nxd4 Ngf6 7. Nf5 g6 8. Nd4 Ne5 9. Nc3 9... Bg4 $16
) ({9:+0.86} 5. dxe5 5... Nxe5 6. Nxe5 dxe5 7. O-O Nf6 8. Nd2 Bc5 9. Nf3 Ng4
10. c4 $16) 5... Be7 6. dxe5 dxe5 7. b3 Ngf6 8. Bb2 Qc7 9. Nbd2 O-O 10. Nc4 Bd6
11. Qd2 b5 12. Nxd6 Qxd6 13. Qg5 Re8 14. Rad1 h6 15. Qg3 Qe7 16. Bc3 Nh5 17.
Qh4 Qxh4 18. Nxh4 Nc5 19. Bb4 Nxd3 20. Rxd3 a5 21. Bd6 Nf4 22. Rd2 a4 23. b4 g5
24. Nf3 f6 25. h3 a3 26. Bc7 Be6 27. Ra1 Rac8 28. Bb6 Kf7 29. Kh1 h5 30. Bc5
Red8 31. Be3 Rxd2 32. Nxd2 Ra8 33. Bxf4 gxf4 34. Kh2 Ke7 35. Kg1 Kd6 36. h4 c5
37. bxc5+ Kxc5 38. Nb3+ Bxb3 39. cxb3 Kb4 40. g3 Rc8 41. gxf4 exf4 42. Kg2 Rc3
43. e5 fxe5 44. Re1 Rc2 45. Ra1 e4 46. Kf1 f3 47. Ke1 Re2+ 48. Kf1 Kc3 49. Kg1
Kb2 50. Rd1 Kxa2 51. Rd5 b4 52. Rxh5 Kxb3 53. Ra5 a2 54. h5 Re1+ 55. Kh2 a1=Q
56. Rxa1 Rxa1 57. Kg3 Ra6 58. Kf4 Kc3 59. h6 Rxh6 60. Kg4 Rh8 61. Kf4 b3 62.
Kg4 b2 63. Kg3 b1=Q 64. Kg4 Kd4 65. Kg5 Qb6 66. Kf5 Rf8+ 67. Kg5 Qf6+ 68. Kh5
Rh8+ 69. Kg4 Rg8+ 70. Kh3 Qh8# 0-1

[Event "ICS rated blitz match"]
[Site "207.99.83.227"]
[Date "1999.04.02"]
[Round "?"]
[White "libertad"]
[Black "Hossa"]
[Result "0-1"]
[WhiteElo "2254"]
[BlackElo "2426"]
[PlyCount "76"]

1. e4 d6 2. d4 Nf6 3. Nc3 g6 4. Nf3 Bg7 5. Bg5 Bg4 6. Bd3 Nc6 7. d5 Nd4 8. Be2
Nxe2 9. Qxe2 Qd7 10. O-O O-O-O 11. h3 Bxf3 12. Qxf3 Rdf8 13. Qd3 e5 14. Qb5
Qxb5 15. Nxb5 Kb8 16. f3 Nh5 17. Be3 a6 18. Na3 Ng3 19. Rfe1 Bf6 20. Bf2 Nh5
21. Be3 Bh4 22. Re2 f5 23. Rf1 Ng3 24. Ree1 Nxf1 25. Rxf1 fxe4 26. fxe4 Rxf1+
27. Kxf1 Rf8+ 28. Ke2 Bg3 29. c4 Bf4 30. Nc2 Bxe3 31. Nxe3 Rf4 32. Kd3 Rf2 33.
b4 Rxa2 34. Nc2 a5 35. bxa5 Rxa5 36. g4 g5 37. Ne3 Ra1 38. Nf5 38... Ra3+ {
libertad resigns} 0-1

[Event "ICS rated blitz match"]
[Site "207.99.83.227"]
[Date "1999.04.02"]
[Round "?"]
[White "Amateur"]
[Black "Hossa"]
[Result "0-1"]
[WhiteElo "2479"]
[BlackElo "2435"]
[PlyCount "204"]

1. Nf3 d5 2. g3 e6 3. Bg2 Bb4 4. O-O Nf6 5. d4 O-O 6. Bf4 b6 7. Nbd2 Bxd2 8.
Qxd2 Bb7 9. Qe3 Ng4 10. Qc3 Nc6 11. Rad1 Qe7 12. a3 Rae8 13. Rfe1 Kh8 14. Rf1
Rd8 15. b4 a6 16. Qb3 Rde8 17. e3 Rd8 18. c4 dxc4 19. Qxc4 b5 20. Qc2 f6 21.
Nh4 e5 22. Bxe5 fxe5 23. Bxc6 Bxc6 24. Qxc6 exd4 25. exd4 Qe2 26. Rde1 Qb2 27.
Qxc7 Qxd4 28. Re2 Qd3 29. Rfe1 g5 30. h3 Rc8 31. Qe7 gxh4 32. hxg4 hxg3 33.
Qe5+ Kg8 34. Qxg3 Qxg3+ 35. fxg3 Rc3 36. Re3 Rf3 37. Re8+ Kg7 38. R1e7+ Rf7 39.
Re3 Rf3 40. R8e7+ Kg8 41. Rxc3 Rxc3 42. Kf2 Rxa3 43. Re8+ Kf7 44. Rh8 Kg7 45.
Rd8 Ra4 46. Rd4 a5 47. Rd7+ Kg6 48. bxa5 Rxa5 49. Rb7 h6 50. Ke1 Ra1+ 51. Kd2
Rb1 52. Kc2 Rb4 53. Rb6+ Kg5 54. Kc3 Rc4+ 55. Kd3 Kxg4 56. Rxb5 Rc6 57. Rb3
Kxg3 58. Ke4+ Kg4 59. Rb1 Re6+ 60. Kd5 Re2 61. Rg1+ Kh4 62. Rh1+ Kg5 63. Rg1+
Kh5 64. Kd4 Re6 65. Rh1+ Kg6 66. Rg1+ Kf6 67. Rh1 Kf5 68. Rf1+ Kg5 69. Rg1+ Kf4
70. Rf1+ Kg4 71. Rg1+ Kf3 72. Rf1+ Kg2 73. Rf7 Kh3 74. Rh7 Kg4 75. Rg7+ Kh4 76.
Rg1 h5 77. Ra1 Kg5 78. Rg1+ Kf4 79. Rh1 Kg5 80. Rg1+ Kh6 81. Rh1 Re2 82. Kd5
Kg5 83. Rg1+ Kf4 84. Rh1 Kg4 85. Rg1+ Kf5 86. Rf1+ Kg6 87. Rh1 Kh6 88. Rh3 Kg5
89. Kd4 Kg4 90. Re3 Rxe3 91. Kxe3 Kg3 92. Ke2 Kg2 93. Ke3 h4 94. Ke4 h3 95. Ke3
h2 96. Kf4 h1=Q 97. Ke4 Qd1 98. Ke3 Qd5 99. Kf4 Kf2 100. Kg4 Qe5 101. Kh4 Kf3
102. Kh3 102... Qh5# {Amateur checkmated} 0-1